000 00479nam a2200181Ia 4500
001 19506
005 20260306172658.0
008 260306t2018||||xx |||||||||||||| ||spa||
041 _aESP
082 _a340.1
_bB141 T. 3
100 _aChinchay Tuesta, Ady
_eAUT
245 0 _aResponsabilidad por daños ambientales en el derecho civil y administrativo
260 _c2018
300 _a251 páginas :
_c25 cm.
650 _aGEN
654 _aCDE
942 _cLIB
_dJUS
_fJUS
_2ddc
_n
999 _c19506
_d19506